<?xml version="1.0" encoding="UTF-8"?>
<marc:record xmlns:marc="http://www.loc.gov/MARC21/slim">
   <marc:leader>00000nam a2200000 a 4500</marc:leader>
   <marc:datafield ind1="1" ind2=" " tag="100">
      <marc:subfield code="a">Uhland, Ludwig</marc:subfield>
      <marc:subfield code="4">ctb</marc:subfield>
      <marc:subfield code="e">Mitwirkende/-r</marc:subfield>
   </marc:datafield>
   <marc:datafield ind1="1" ind2=" " tag="100">
      <marc:subfield code="a">Buch, Hajo</marc:subfield>
      <marc:subfield code="4">ctb</marc:subfield>
      <marc:subfield code="e">Mitwirkende/-r</marc:subfield>
   </marc:datafield>
   <marc:datafield ind1=" " ind2=" " tag="653">
      <marc:subfield code="a">Ludwig</marc:subfield>
   </marc:datafield>
   <marc:datafield ind1=" " ind2=" " tag="653">
      <marc:subfield code="a">Cassette</marc:subfield>
   </marc:datafield>
   <marc:datafield ind1=" " ind2=" " tag="653">
      <marc:subfield code="a">Dramatik</marc:subfield>
   </marc:datafield>
   <marc:datafield ind1=" " ind2=" " tag="653">
      <marc:subfield code="a">Essays</marc:subfield>
   </marc:datafield>
   <marc:datafield ind1=" " ind2=" " tag="653">
      <marc:subfield code="a">CD</marc:subfield>
   </marc:datafield>
   <marc:datafield ind1="0" ind2="0" tag="245">
      <marc:subfield code="a">Die linden Lüfte sind erwacht</marc:subfield>
   </marc:datafield>
   <marc:datafield ind1="0" ind2="0" tag="245">
      <marc:subfield code="b">Ludwig Uhland (1787 - 1862)</marc:subfield>
   </marc:datafield>
   <marc:datafield ind1="0" ind2="0" tag="245">
      <marc:subfield code="c">Lyrik und Balladen gesprochen von Hajo Buch</marc:subfield>
   </marc:datafield>
   <marc:datafield ind1=" " ind2="1" tag="264">
      <marc:subfield code="a">Paderborn</marc:subfield>
      <marc:subfield code="b">Studio B</marc:subfield>
      <marc:subfield code="c">2007</marc:subfield>
   </marc:datafield>
   <marc:datafield ind1="1" ind2=" " tag="490">
      <marc:subfield code="a">Edition Hör-Buch!</marc:subfield>
   </marc:datafield>
   <marc:datafield ind1="1" ind2=" " tag="520">
      <marc:subfield code="a">Angaben aus der Verlagsmeldung

Die linden Lüfte sind erwacht : Ludwig Uhland (1787-1862). Lyrik und Balladen

Die linden Lüfte sind erwacht
Ludwig Uhland (1787-1862)

Der Düsseldorf-Mettmanner Rezitator und Philologe Dr. Hajo Buch hat jetzt bekannte Gedichte und Balladen des beliebten Poeten des 19. Jahrhunderts auf CD gesprochen.

Ludwig Uhland wird am 26. April 1787 in Tübingen geboren. Als Dichter, Literaturwissenschaftler, Jurist und Politiker ist er in die Geschichte des 19. Jahrhunderts eingegangen. Man nennt ihn den bedeutensten Vetrteter der Schwäbischen Schule (spätromantisch-biedermeierlich), so populär, dass manche seiner Gedichte Volkslieder geworden s ind. Einprägsame Lebensdaten: 1819 Abgeordneter der Liberalen im Landtag von Württemberg, 1829 Professor für deutsche Sprache und Literatur an der Universtiät Thübingen, 1848 Mitglied der Frankfurter Nationalversammlung (Wortfüher der "Altrechler"). Am 13. November 1862 stirbt Ludwig Uhland in Thübingen.
</marc:subfield>
   </marc:datafield>
   <marc:datafield ind1=" " ind2=" " tag="020">
      <marc:subfield code="a">9783938796139</marc:subfield>
      <marc:subfield code="9">9783938796139</marc:subfield>
   </marc:datafield>
   <marc:datafield ind1=" " ind2=" " tag="020">
      <marc:subfield code="a">3938796138</marc:subfield>
      <marc:subfield code="9">3938796138</marc:subfield>
   </marc:datafield>
   <marc:datafield ind1=" " ind2=" " tag="041">
      <marc:subfield code="a">ger</marc:subfield>
   </marc:datafield>
   <marc:datafield ind1=" " ind2=" " tag="300">
      <marc:subfield code="a">1 CD</marc:subfield>
   </marc:datafield>
</marc:record>
